000 00744nam a2200229Ia 4500
001 10308
003 GE_BSU
008 181216s||||||||xx |||||||||||||| ||und||
040 _cGE_BSU
080 _a821.353.1-1
100 _aნიშნიანიძე,შოთა
245 _aუპირველეს ყოვლისა
245 _bლექსები
245 _cრედ:თ.აბულაძე;მხატვ:.ზ.ფორჩხიძე
260 _aთბილისი.
260 _bსაბჭ.საქართველო
260 _c1988
300 _a528გვ;ილ;20სმ.
653 _aლექსები
653 _aუპირველეს ყოვლისა
942 _cBK
999 _c43575
_d43575